000 02730ngm a2200517 a 4500
001 vtls003216771
003 MY-SjTCS
005 20200226114657.0
007 vd cvacrs
008 110421s2010 nyu101 |00 vleng d
039 9 _a201206131235
_bstazrina
_c201106171126
_dwilmina
_c201104291602
_dmalathy
_y201104211737
_zmalathy
043 _aa-ii---
082 0 4 _a791.4372
_bBLA 2010
130 0 _aBlack narcissus (Motion picture)
245 0 0 _aBlack narcissus
_h[videorecording (DVD)] /
_cJ. Arthur Rank presents ; a production of the Archers ; Independent Producers Limited ; written, produced and directed by Michael Powell and Emeric Pressburger.
260 _a[Irvington, NY] :
_bCriterion Collection,
_cc2010.
300 _a1 videodisc (101 min.) :
_bsd., col. ;
_c4 3/4 in. +
_e1 booklet (1 v. : col. ill ; 19 cm.)
490 1 _aThe Criterion collection ;
_v93
500 _aAdapted from the novel by Rumer Godden.
500 _aOriginally produced as motion picture in 1947.
508 _aPhotographer, Jack Cardiff ; editor, Reginald Mills ; music, Brian Easdale ; production designer, Alfred Junge.
511 _aDeborah Kerr, Sabu, David Farrar, Flora Robson, Esmond Knight, Jean Simmons, Kathleen Byron.
520 _aMajesty gives way to mystery, and marks a harrowing descent into madness, when a young British nun is ordered to establish a convent in the remote Himalayan mountains. Sister Clodagh (Kerr) is a serious young novice assigned to lead a crucial mission, with the reluctant recommendation of her Mother Superior. Together with a disparate group of nuns, Sister Clodagh will face strange peoples and customs, a harsh and unforgiving climate and a wrenching struggle with her own past that will prove the ultimate test of her devotion and faith.
538 _aDVD; Dolby digital mono.
546 _aClosed captioned in English.
650 0 _aServites
_zIndia
_vDrama.
650 0 _aNuns
_zIndia
_vDrama.
650 0 _aEnglish
_zIndia
_vDrama.
650 0 _aNuns
_xSexual behavior
_vDrama.
650 0 _aFeature films
_zEngland.
651 0 _aHimalaya Mountains
_vDrama.
700 1 _aPowell, Michael,
_d1905-1990.
_924260
700 1 _aPressburger, Emeric,
_d1902-1988.
700 1 _aKerr, Deborah,
_d1921-2007.
700 1 _aSabu,
_d1924-1963.
_924261
700 1 _aFarrar, David,
_d1908-1995.
700 1 _aRobson, Flora,
_d1902-1984.
700 1 _aKnight, Esmond,
_d1906-1987.
700 1 _aSimmons, Jean,
_d1929-2010.
700 1 _aGodden, Rumer,
_d1907-1998.
_tBlack Narcissus.
710 2 _aIndependent Producers, Ltd.
710 2 _aArchers (Firm)
710 2 _aCriterion Collection (Firm)
_925909
830 0 _aCriterion collection ;
_v93.
_952603
920 _aADTP : 162525
999 _c136374